[Event "World Rapid 2015"]
[Site "Berlin GER"]
[Date "2015.10.11"]
[Round "10.26"]
[White "Iturrizaga Bonelli, Eduardo"]
[Black "Salem, A.R. Saleh"]
[Result "0-1"]
[WhiteElo "2641"]
[BlackElo "2624"]
[PlyCount "112"]
[EventDate "2015.10.10"]
[EventType "rapid"]

1. c4 c5 2. Nf3 Nf6 3. Nc3 d5 4. cxd5 Nxd5 5. Qb3 Nc7 6. Ne5 e6 7. g3 f6 8. Nc4
Nc6 9. Bg2 Nd4 10. Qd1 e5 11. e3 Nc6 12. f4 Be6 13. Bxc6+ bxc6 14. Qa4 exf4 15.
gxf4 Be7 16. Na5 O-O 17. Nxc6 Qd7 18. Nxe7+ Qxe7 19. b3 Qf7 20. Ba3 Qh5 21. Qc6
Rac8 22. Qg2 Rfd8 23. Rg1 Rd7 24. Ne4 Nd5 25. Nxc5 Nxf4 26. exf4 Bh3 27. Qe2
Re8 28. Ne4 Qxe2+ 29. Kxe2 Rxe4+ 30. Kf3 f5 31. Bc5 Rxd2 32. Be3 Rxh2 33. Kg3
Rc2 34. Rge1 Bg4 35. Bxa7 Rc3+ 36. Kg2 Rxf4 37. Rac1 Bf3+ 38. Kh3 Rxc1 39. Rxc1
g5 40. Be3 Rh4+ 41. Kg3 Be4 42. Bg1 f4+ 43. Kf2 g4 44. Rc4 g3+ 45. Ke2 Rh2+ 46.
Ke1 Rh1 47. Rxe4 Rxg1+ 48. Ke2 Rg2+ 49. Kf1 Rf2+ 50. Kg1 Kf7 51. a4 Kf6 52. a5
Kf5 53. Ra4 f3 54. a6 Rg2+ 55. Kf1 Rh2 56. Ke1 Re2+ 0-1

[Event "World Rapid 2015"]
[Site "Berlin GER"]
[Date "2015.10.11"]
[Round "10.27"]
[White "Bogdanovich, Stanislav"]
[Black "Meier, Georg"]
[Result "1/2-1/2"]
[WhiteElo "2590"]
[BlackElo "2654"]
[PlyCount "139"]
[EventDate "2015.10.10"]
[EventType "rapid"]

1. d4 e6 2. c4 Nf6 3. Nf3 d5 4. Nc3 dxc4 5. e4 Bb4 6. Bg5 h6 7. Bxf6 Qxf6 8.
Bxc4 c5 9. e5 Qd8 10. d5 exd5 11. Bxd5 Bxc3+ 12. bxc3 O-O 13. O-O Nc6 14. Re1
Be6 15. Bxc6 bxc6 16. Qa4 Qb6 17. Rab1 Qc7 18. Qa3 Rfe8 19. Nd2 Bf5 20. Rbd1
Rxe5 21. Nc4 Rd5 22. Ne3 Rxd1 23. Rxd1 Be6 24. Qxc5 Qb6 25. Qe7 Bxa2 26. c4 a5
27. Qe5 Qb8 28. Qa1 Bb3 29. Rd3 a4 30. Nf5 Qf8 31. Rg3 g6 32. Qf6 Re8 33. h4
Bxc4 34. h5 Re6 35. Qd4 Be2 36. hxg6 fxg6 37. Nh4 g5 38. f4 Qd6 39. Qxa4 Qd1+
40. Qxd1 Bxd1 41. fxg5 hxg5 42. Rxg5+ Kf7 43. Rc5 Bb3 44. Nf3 Rf6 45. Ne5+ Ke6
46. Nxc6 Kd6 47. Rc3 Bd5 48. Nd4 Ke5 49. Ne2 Rg6 50. Re3+ Kf5 51. g3 Rh6 52.
Nf4 Rh1+ 53. Kf2 Rh2+ 54. Kg1 Rh1+ 55. Kf2 Rh2+ 56. Kf1 Be4 57. Ne2 Bb7 58. Ke1
Kg4 59. Re7 Ba6 60. Rg7+ Kf3 61. Nd4+ Ke3 62. Nf5+ Ke4 63. Nh4 Re2+ 64. Kd1 Rb2
65. Kc1 Rf2 66. Re7+ Kd4 67. g4 Bd3 68. Rc7 Rf4 69. Nf5+ Bxf5 70. gxf5 1/2-1/2

[Event "World Rapid 2015"]
[Site "Berlin GER"]
[Date "2015.10.11"]
[Round "10.28"]
[White "Swiercz, Dariusz"]
[Black "Akopian, Vladimir"]
[Result "1-0"]
[WhiteElo "2620"]
[BlackElo "2648"]
[PlyCount "177"]
[EventDate "2015.10.10"]
[EventType "rapid"]

1. d4 Nf6 2. c4 e6 3. Nf3 c5 4. d5 d6 5. Nc3 exd5 6. cxd5 g6 7. g3 Bg7 8. Bg2
O-O 9. O-O Nbd7 10. Re1 a6 11. Bf4 Qe7 12. a4 Ng4 13. Bg5 Bf6 14. Bxf6 Ndxf6
15. e4 Rb8 16. h3 Ne5 17. Nxe5 dxe5 18. a5 Bd7 19. Qc2 Ne8 20. Nd1 Rc8 21. Ne3
Bb5 22. Qc3 Nd6 23. Rac1 h5 24. h4 Rc7 25. Qa3 Rfc8 26. Bh3 Bd7 27. Bxd7 Qxd7
28. Nc4 Nb5 29. Qf3 Qe7 30. d6 Nxd6 31. Nb6 Nb5 32. Nxc8 Rxc8 33. Kg2 Rc6 34.
Rc4 Nd6 35. Rc2 Nb5 36. Qe3 c4 37. Rec1 Qb4 38. Qd2 Qxd2 39. Rxd2 Nd4 40. Rc3
Kf8 41. f4 f6 42. Kf2 Ke7 43. Ke3 Nb5 44. Rc1 Nd4 45. Rc3 Nb5 46. Rcc2 Nd4 47.
Rxd4 exd4+ 48. Kxd4 b5 49. axb6 Rxb6 50. Kxc4 a5 51. Kd5 Rd6+ 52. Kc5 Rd3 53.
Rc3 Rd2 54. b3 Ra2 55. Kb5 Ra3 56. Rc7+ Kd6 57. Rc6+ Ke7 58. Kc4 a4 59. bxa4
Rxa4+ 60. Kd5 Ra5+ 61. Rc5 Ra7 62. e5 fxe5 63. fxe5 Rd7+ 64. Ke4 Ra7 65. Rc6
Ra4+ 66. Kd5 Ra5+ 67. Rc5 Ra7 68. Rb5 Rd7+ 69. Ke4 Ra7 70. Rb4 Ra1 71. Rb7+ Ke6
72. Rb6+ Kf7 73. Rf6+ Kg7 74. Rd6 Kf7 75. Rd7+ Ke6 76. Rd6+ Kf7 77. Rf6+ Kg7
78. Rc6 Kf7 79. Kd5 Rd1+ 80. Ke4 Ra1 81. Rc4 Ke6 82. Kf4 Rf1+ 83. Kg5 Rf5+ 84.
Kxg6 Rxe5 85. Rc8 Ke7 86. Rg8 Ra5 87. Kh6 Kf6 88. Rg6+ Kf7 89. Rg5 1-0

[Event "World Rapid 2015"]
[Site "Berlin GER"]
[Date "2015.10.11"]
[Round "10.29"]
[White "Vidit, Santosh Gujrathi"]
[Black "Vallejo Pons, Francisco"]
[Result "1/2-1/2"]
[WhiteElo "2651"]
[BlackElo "2684"]
[PlyCount "50"]
[EventDate "2015.10.10"]
[EventType "rapid"]

1. d4 f5 2. Nc3 Nf6 3. Bg5 d5 4. Nf3 e6 5. e3 Be7 6. Bd3 O-O 7. O-O Ne4 8. Bxe7
Qxe7 9. Ne2 c5 10. c4 dxc4 11. Bxc4 Nd6 12. b3 b6 13. Ne5 Nxc4 14. bxc4 Nd7 15.
Nxd7 Bxd7 16. dxc5 bxc5 17. Qd2 Bc6 18. Qa5 e5 19. Nc3 f4 20. exf4 Rxf4 21. Nd5
Bxd5 22. cxd5 Rd4 23. Rab1 Rxd5 24. Qa6 Rad8 25. h3 h6 1/2-1/2

[Event "World Rapid 2015"]
[Site "Berlin GER"]
[Date "2015.10.11"]
[Round "10.30"]
[White "Volokitin, Andrei"]
[Black "Motylev, Alexander"]
[Result "0-1"]
[WhiteElo "2639"]
[BlackElo "2649"]
[PlyCount "100"]
[EventDate "2015.10.10"]
[EventType "rapid"]

1. e4 e5 2. Nf3 Nc6 3. Bc4 Nf6 4. d3 Bc5 5. c3 O-O 6. Nbd2 d6 7. O-O a6 8. Bb3
Be6 9. Re1 Qd7 10. Nf1 Bxb3 11. Qxb3 Rfe8 12. Bg5 Nh5 13. d4 Bb6 14. Rad1 h6
15. Bc1 Rad8 16. h3 exd4 17. cxd4 Ne7 18. Ne3 d5 19. exd5 Nf6 20. Ne5 Qb5 21.
Qc2 Nfxd5 22. N3g4 f6 23. a4 Qb4 24. Nd3 Qxd4 25. Nf4 Qc5 26. Qb3 Qb4 27. Qxb4
Nxb4 28. Rxd8 Rxd8 29. Rxe7 Rd1+ 30. Kh2 Nc6 31. Re8+ Kf7 32. Rc8 Rxc1 33. Nd5
Ne7 34. Nxe7 Kxe7 35. Rb8 h5 36. a5 Bxa5 37. Ne3 Be1 38. Kg3 b5 39. Ra8 Rc6 40.
Nf5+ Kf7 41. Kf3 Rc2 42. g4 Rxf2+ 43. Ke4 hxg4 44. hxg4 Rxb2 45. Rxa6 Rb4+ 46.
Kf3 Ra4 47. Rc6 Ba5 48. Rc5 Rb4 49. Rd5 g6 50. Rd7+ Ke8 0-1

[Event "World Rapid 2015"]
[Site "Berlin GER"]
[Date "2015.10.11"]
[Round "10.32"]
[White "Kovalev, Vladislav"]
[Black "Belov, Vladimir"]
[Result "1-0"]
[WhiteElo "2546"]
[BlackElo "2614"]
[PlyCount "93"]
[EventDate "2015.10.10"]
[EventType "rapid"]

1. d4 d5 2. Nc3 Nf6 3. Bf4 e6 4. Nb5 Na6 5. e3 c6 6. Nc3 Nc7 7. Nf3 Bd6 8. Ne5
O-O 9. Bd3 c5 10. dxc5 Bxc5 11. Qf3 Bb4 12. O-O Na6 13. Bxa6 bxa6 14. Bg5 Bb7
15. Ng4 Be7 16. Nxf6+ Bxf6 17. Bxf6 Qxf6 18. Qxf6 gxf6 19. Rfd1 Rab8 20. Kf1
Rfc8 21. Ke1 e5 22. Kd2 Kf8 23. Ne2 Ke7 24. c3 a5 25. b3 Ke6 26. g3 Ba6 27. Nc1
a4 28. Rb1 Rb6 29. Rb2 Rbc6 30. Rc2 Bb5 31. Nd3 Bxd3 32. Kxd3 Rb6 33. Rb1 Rcb8
34. Rcb2 a5 35. b4 Kd6 36. a3 Kc6 37. Kc2 axb4 38. Rxb4 Rxb4 39. Rxb4 Rxb4 40.
cxb4 Kb6 41. g4 Kc6 42. Kd3 Kb6 43. h4 Kc6 44. g5 f5 45. f4 e4+ 46. Kd4 Kd6 47.
b5 1-0

[Event "World Rapid 2015"]
[Site "Berlin GER"]
[Date "2015.10.11"]
[Round "10.33"]
[White "Safarli, Eltaj"]
[Black "Shchekachev, Andrei"]
[Result "1-0"]
[WhiteElo "2657"]
[BlackElo "2531"]
[PlyCount "77"]
[EventDate "2015.10.10"]
[EventType "rapid"]

1. e4 c5 2. Nf3 e6 3. Nc3 a6 4. g3 d6 5. Bg2 Nc6 6. O-O Nf6 7. d3 Be7 8. Ng5 h6
9. Nh3 g5 10. f4 gxf4 11. Bxf4 Ne5 12. Ne2 Bd7 13. c3 Qb6 14. d4 cxd4 15. cxd4
Bb5 16. Kh1 Bxe2 17. Qxe2 Qxd4 18. Rac1 Qd3 19. Qe1 Qb5 20. Nf2 Nfd7 21. Qc3
Bg5 22. Qd2 Qb6 23. Bxg5 hxg5 24. Qxg5 Kf8 25. Nh3 Rg8 26. Qh6+ Ke7 27. Qh4+ f6
28. Qh7+ Nf7 29. Nf4 Nde5 30. Qf5 exf5 31. Nd5+ Kf8 32. Nxb6 Re8 33. exf5 Ng4
34. Rc7 Ne3 35. Bd5 Ne5 36. Bxg8 Kxg8 37. Re1 Nd3 38. Re2 Re5 39. Nd7 1-0

[Event "World Rapid 2015"]
[Site "Berlin GER"]
[Date "2015.10.11"]
[Round "10.35"]
[White "Petrosian, Tigran L"]
[Black "Kravtsiv, Martyn"]
[Result "1-0"]
[WhiteElo "2625"]
[BlackElo "2621"]
[PlyCount "75"]
[EventDate "2015.10.10"]
[EventType "rapid"]

1. Nf3 Nf6 2. g3 d5 3. Bg2 e6 4. O-O Be7 5. d3 O-O 6. Nbd2 c5 7. e4 Nc6 8. Re1
b5 9. a4 b4 10. exd5 Nxd5 11. Nc4 Bb7 12. h4 Rc8 13. Bg5 Rc7 14. Bxe7 Rxe7 15.
Ng5 Nf6 16. c3 h6 17. Ne4 Nxe4 18. dxe4 Ba6 19. Bf1 bxc3 20. bxc3 Bxc4 21. Bxc4
Ne5 22. Qxd8 Rxd8 23. Be2 Rd2 24. f4 Nc6 25. Kf2 Na5 26. Rab1 Ra2 27. Rb8+ Kh7
28. Rd1 g6 29. e5 Kg7 30. Rdd8 f5 31. h5 gxh5 32. Ke3 Kg6 33. Rh8 Rg7 34. Rbf8
Rd7 35. Rfg8+ Rg7 36. Bxh5+ Kxh5 37. Rxg7 Nc4+ 38. Kd3 1-0

[Event "World Rapid 2015"]
[Site "Berlin GER"]
[Date "2015.10.11"]
[Round "10.37"]
[White "Huzman, Alexander"]
[Black "Alekseev, Evgeny"]
[Result "1-0"]
[WhiteElo "2580"]
[BlackElo "2642"]
[PlyCount "69"]
[EventDate "2015.10.10"]
[EventType "rapid"]

1. Nf3 c5 2. b3 Nc6 3. Bb2 d5 4. e3 a6 5. Be2 Nf6 6. O-O Bg4 7. c4 e6 8. cxd5
Nxd5 9. Nc3 Nxc3 10. Bxc3 Bd6 11. Bxg7 Rg8 12. Bb2 Bh3 13. Ne1 Qh4 14. f4 O-O-O
15. Bf3 Ne7 16. Qc2 Kb8 17. Be5 Bxe5 18. fxe5 Nf5 19. Rc1 Bg4 20. Rf2 Qh5 21.
Qxc5 Bxf3 22. Qc7+ Ka8 23. Nxf3 Rb8 24. Rc4 Nh6 25. h3 Rg3 26. Kf1 Nf5 27. Ke2
Qg6 28. e4 Ng7 29. Ne1 Qh5+ 30. Kf1 Qg5 31. Rxf7 Ne8 32. Qb6 Qxe5 33. Rxb7 Qf4+
34. Kg1 Rxb7 35. Rc8+ 1-0

[Event "World Rapid 2015"]
[Site "Berlin GER"]
[Date "2015.10.11"]
[Round "10.39"]
[White "Maze, Sebastien"]
[Black "Bruzon Batista, Lazaro"]
[Result "0-1"]
[WhiteElo "2582"]
[BlackElo "2659"]
[PlyCount "90"]
[EventDate "2015.10.10"]
[EventType "rapid"]

1. e4 e5 2. Nf3 Nc6 3. Nc3 Nf6 4. Bb5 Bd6 5. O-O O-O 6. d3 h6 7. h3 a6 8. Ba4
Re8 9. a3 b5 10. Bb3 Bc5 11. Be3 d6 12. Ne2 Be6 13. Bxe6 Rxe6 14. Ng3 Ne7 15.
Qd2 Bxe3 16. fxe3 Ng6 17. Nf5 c6 18. a4 d5 19. exd5 cxd5 20. Qb4 a5 21. Qb3 b4
22. d4 Rc8 23. dxe5 Nxe5 24. N3d4 Re8 25. Nb5 Ne4 26. Rad1 Rc5 27. Rf4 Ng6 28.
Rf3 Qg5 29. Nbd4 Kh7 30. Rff1 Ne5 31. Nb5 Nc4 32. Rf4 g6 33. Nfd4 Kg8 34. Nf3
Qg3 35. Rf1 Ned2 36. Qd3 Nxe3 37. Rg4 Nxf3+ 38. Rxf3 Qe1+ 39. Kh2 Nxg4+ 40.
hxg4 Qh4+ 41. Rh3 Qxg4 42. Nd4 Qf4+ 43. Rg3 Re5 44. c3 bxc3 45. bxc3 Rg5 0-1

[Event "World Rapid 2015"]
[Site "Berlin GER"]
[Date "2015.10.11"]
[Round "10.40"]
[White "Vitiugov, Nikita"]
[Black "Agrest, Evgenij"]
[Result "1/2-1/2"]
[WhiteElo "2725"]
[BlackElo "2596"]
[PlyCount "48"]
[EventDate "2015.10.10"]
[EventType "rapid"]

1. d4 d5 2. c4 c6 3. Nf3 Nf6 4. e3 a6 5. Nc3 e6 6. Bd3 dxc4 7. Bxc4 b5 8. Be2
c5 9. O-O Bb7 10. dxc5 Bxc5 11. Qxd8+ Kxd8 12. Nd2 Nbd7 13. Nb3 Bb4 14. Bd2 Nc5
15. Nd4 Ncd7 16. a4 bxa4 17. Rxa4 a5 18. Nc2 Nc5 19. Ra2 Nb3 20. Rd1 Nxd2 21.
Rxd2+ Ke7 22. Bf3 Bxf3 23. gxf3 Bxc3 24. bxc3 Rhc8 1/2-1/2

[Event "World Rapid 2015"]
[Site "Berlin GER"]
[Date "2015.10.11"]
[Round "10.41"]
[White "Khairullin, Ildar"]
[Black "Piorun, Kacper"]
[Result "1-0"]
[WhiteElo "2652"]
[BlackElo "2609"]
[PlyCount "51"]
[EventDate "2015.10.10"]
[EventType "rapid"]

1. d4 f5 2. g3 Nf6 3. Bg2 d6 4. Nf3 g6 5. O-O Bg7 6. b3 O-O 7. Bb2 Nc6 8. d5
Nb4 9. c4 a5 10. Nbd2 Bd7 11. Re1 c6 12. a3 Na6 13. e4 fxe4 14. Nxe4 Nxe4 15.
Bxg7 Kxg7 16. Rxe4 Nc5 17. Re3 e5 18. dxe6 Bxe6 19. b4 axb4 20. axb4 Qf6 21.
Rxa8 Rxa8 22. Qxd6 Ra1+ 23. Ne1 Ra2 24. Rf3 Re2 25. Rxf6 Rxe1+ 26. Bf1 1-0

[Event "World Rapid 2015"]
[Site "Berlin GER"]
[Date "2015.10.11"]
[Round "10.42"]
[White "Seirawan, Yasser"]
[Black "Dlugy, Maxim"]
[Result "1-0"]
[WhiteElo "2620"]
[BlackElo "2518"]
[PlyCount "81"]
[EventDate "2015.10.10"]
[EventType "rapid"]

1. d4 Nf6 2. c4 g6 3. Nc3 Bg7 4. e4 d6 5. Bd3 O-O 6. Nge2 Na6 7. O-O e5 8. d5
Nc5 9. Bc2 a5 10. f3 h5 11. Be3 Bd7 12. a3 Na6 13. Rb1 Qe7 14. b4 axb4 15. axb4
Rfc8 16. Qd2 Nh7 17. Bd3 f5 18. exf5 gxf5 19. c5 dxc5 20. Bxa6 Rxa6 21. bxc5
Rg6 22. f4 b6 23. c6 Be8 24. fxe5 Qxe5 25. Bd4 Qd6 26. Bxg7 Rxg7 27. Qd4 Rd8
28. Rbd1 Ng5 29. Kh1 Qe7 30. Ng3 Ne6 31. Qe5 Nc5 32. Qxe7 Rxe7 33. Nxf5 Re5 34.
Rde1 Rxe1 35. Rxe1 Bf7 36. d6 Kf8 37. dxc7 Rc8 38. Nb5 Na6 39. Nfd6 Nxc7 40.
Nxc8 Nxb5 41. Nxb6 1-0

[Event "World Rapid 2015"]
[Site "Berlin GER"]
[Date "2015.10.11"]
[Round "10.43"]
[White "Anton Guijarro, David"]
[Black "Sasikiran, Krishnan"]
[Result "0-1"]
[WhiteElo "2634"]
[BlackElo "2639"]
[PlyCount "86"]
[EventDate "2015.10.10"]
[EventType "rapid"]

1. Nf3 Nf6 2. c4 g6 3. Nc3 Bg7 4. e4 d6 5. d4 O-O 6. h3 e5 7. d5 Nh5 8. g3 f5
9. exf5 gxf5 10. Be2 Na6 11. Bg5 Qe8 12. Nh4 Nf6 13. Qc2 e4 14. Qd2 Nd7 15. O-O
Ne5 16. Nb5 Bd7 17. Rac1 Nxc4 18. Bxc4 Bxb5 19. b4 Bxc4 20. Rxc4 Qf7 21. f3 e3
22. Bxe3 Rae8 23. Ng2 c6 24. Nf4 Nc7 25. Rc2 Nxd5 26. Nxd5 cxd5 27. Bxa7 Qg6
28. Bf2 f4 29. g4 d4 30. Rd1 Re3 31. Rc7 Be5 32. Kg2 d5 33. Re7 Bf6 34. Rxb7
Rxf3 35. Qe2 Re3 36. Bxe3 Qe4+ 37. Qf3 fxe3 38. Rd7 e2 39. Re1 d3 40. Rxd5
Qxf3+ 41. Kxf3 Bh4+ 42. Ke3 Bxe1 43. Kxd3 Re8 0-1

[Event "World Rapid 2015"]
[Site "Berlin GER"]
[Date "2015.10.11"]
[Round "10.44"]
[White "Bologan, Viktor"]
[Black "Svane, Rasmus"]
[Result "1/2-1/2"]
[WhiteElo "2607"]
[BlackElo "2543"]
[PlyCount "175"]
[EventDate "2015.10.10"]
[EventType "rapid"]

1. e4 e6 2. d4 d5 3. Nc3 Nf6 4. e5 Nfd7 5. Nce2 c5 6. c3 Nc6 7. Nf3 Qb6 8. a3
f6 9. exf6 Nxf6 10. g3 cxd4 11. cxd4 Bd6 12. Bg2 O-O 13. O-O Bd7 14. Bf4 Bxf4
15. Nxf4 Rac8 16. b4 Ne4 17. Qd3 Ne7 18. Rfc1 Bb5 19. Qd1 Nf5 20. Rc5 Nxc5 21.
dxc5 Qc6 22. Ng5 Bc4 23. Rc1 Qe8 24. Ngxe6 Rf6 25. Qd2 h6 26. Bh3 Qf7 27. Nxd5
Bxd5 28. Qxd5 Re8 29. Nf4 Qxd5 30. Nxd5 Rf7 31. b5 Nd4 32. Rd1 Nf3+ 33. Kg2 Ng5
34. Bg4 Ne4 35. f4 Nxc5 36. Bh5 Re4 37. Bxf7+ Kxf7 38. b6 axb6 39. Nxb6 Re2+
40. Kf3 Rxh2 41. Nd7 Rc2 42. Kg4 Ne4 43. Rd4 Nf6+ 44. Nxf6 Kxf6 45. Rb4 Rc7 46.
Rb6+ Kf7 47. Kh4 Kf8 48. Rb3 Kf7 49. a4 Kf6 50. Kg4 Rd7 51. Rb6+ Kf7 52. Rb5 g6
53. a5 Kf6 54. Kh4 h5 55. Kh3 Kg7 56. Kg2 Re7 57. Kf3 Kf6 58. Rb1 Kf7 59. Rb6
Kg7 60. Kg2 Kf7 61. Kh3 Kg7 62. Kh4 Rf7 63. Rb5 Kf6 64. Rb6+ Kg7 65. Re6 Kh7
66. Re5 Kh6 67. Re6 Kg7 68. Rd6 Kh7 69. Rd5 Kh6 70. Rb5 Rd7 71. g4 hxg4 72.
Kxg4 Kg7 73. Kg5 Rc7 74. Kg4 Kf6 75. Rb6+ Kf7 76. Kf3 Re7 77. Kg4 Rc7 78. Kf3
Re7 79. Rb5 Kf6 80. Kg4 Rc7 81. Rb1 Rd7 82. Rb6+ Kf7 83. Kf3 Re7 84. Rd6 Kg7
85. Rd5 Kf6 86. Kg4 Rc7 87. Rb5 Rd7 88. Rb6+ 1/2-1/2

[Event "World Rapid 2015"]
[Site "Berlin GER"]
[Date "2015.10.11"]
[Round "10.45"]
[White "Romanov, Evgeny"]
[Black "Nikolic, Predrag"]
[Result "1-0"]
[WhiteElo "2573"]
[BlackElo "2603"]
[PlyCount "77"]
[EventDate "2015.10.10"]
[EventType "rapid"]

1. c4 e5 2. Nc3 Nc6 3. Nf3 f5 4. d4 e4 5. Ng5 Be7 6. Nh3 Nf6 7. Bg5 O-O 8. e3
Qe8 9. Nf4 d6 10. h4 Nd8 11. c5 c6 12. cxd6 Bxd6 13. Bc4+ Kh8 14. h5 Bxf4 15.
Bxf4 Be6 16. Be2 h6 17. Bd6 Rg8 18. Be5 Qe7 19. f3 exf3 20. gxf3 Nf7 21. f4
Nxe5 22. fxe5 Nd5 23. Qd2 Qg5 24. Nxd5 Qg3+ 25. Kd1 Bxd5 26. Rf1 c5 27. Rc1
cxd4 28. exd4 Rad8 29. Rc3 Qh4 30. Qf4 Qxf4 31. Rxf4 Be4 32. Rc4 b5 33. Rb4 a5
34. Rxb5 Rxd4+ 35. Ke1 Rc8 36. e6 Rd6 37. Re5 g5 38. Rfxe4 fxe4 39. e7 1-0

[Event "World Rapid 2015"]
[Site "Berlin GER"]
[Date "2015.10.11"]
[Round "10.46"]
[White "Grigoriants, Sergey"]
[Black "Kunin, Vitaly"]
[Result "1/2-1/2"]
[WhiteElo "2603"]
[BlackElo "2556"]
[PlyCount "61"]
[EventDate "2015.10.10"]
[EventType "rapid"]

1. c4 e5 2. g3 Nc6 3. Bg2 Bc5 4. Nc3 a6 5. Nf3 d6 6. e3 Ba7 7. O-O Nf6 8. b3
O-O 9. Qc2 Re8 10. Bb2 Bg4 11. h3 Bh5 12. Nh4 Qd7 13. Kh2 Rab8 14. f4 exf4 15.
Rxf4 Ne5 16. Rxf6 gxf6 17. Nd5 Qd8 18. Rf1 Re6 19. Nf4 Bg6 20. Nhxg6 Nxg6 21.
Nxe6 fxe6 22. Rxf6 e5 23. Rxg6+ hxg6 24. Qxg6+ Kf8 25. Bd5 Qd7 26. Qg8+ Ke7 27.
Qg5+ Kf8 28. Qf6+ Ke8 29. Qh8+ Ke7 30. Qh4+ Kf8 31. Qf6+ 1/2-1/2

[Event "World Rapid 2015"]
[Site "Berlin GER"]
[Date "2015.10.11"]
[Round "10.47"]
[White "Ehlvest, Jaan"]
[Black "Agdestein, Simen"]
[Result "0-1"]
[WhiteElo "2535"]
[BlackElo "2606"]
[PlyCount "120"]
[EventDate "2015.10.10"]
[EventType "rapid"]

1. Nf3 e6 2. b3 Nf6 3. Bb2 a5 4. Nc3 d5 5. g3 c6 6. d4 b5 7. Bg2 a4 8. Rc1 Nbd7
9. O-O Bd6 10. e4 Nxe4 11. Nxe4 dxe4 12. Ne5 Nf6 13. Nxc6 Qc7 14. Ne5 O-O 15.
c4 axb3 16. cxb5 Qa7 17. Nc4 Be7 18. a3 Bd7 19. Qxb3 Rfb8 20. b6 Qa6 21. Rfe1
Ba4 22. Qe3 Bb5 23. Bf1 Bxc4 24. Bxc4 Qxb6 25. Re2 Ra5 26. Rec2 h6 27. Be2 Rd8
28. h4 Qb8 29. Bf1 Qa8 30. Ra1 Rb8 31. Bg2 Rab5 32. Qe2 Qb7 33. Ra2 Qd5 34. Ra1
Qb7 35. Ra2 Qd5 36. Ra1 Rb3 37. a4 Qa5 38. Ra2 R3b4 39. Bc3 Rb1+ 40. Bf1 Qf5
41. a5 Nd5 42. a6 e3 43. Be1 exf2+ 44. Bxf2 Nb4 45. a7 Ra8 46. Rab2 Rxb2 47.
Rxb2 Rxa7 48. d5 Rd7 49. dxe6 fxe6 50. Kh2 Qf6 51. Bh3 Kf7 52. Rb3 Rd3 53. Rb1
Rc3 54. Rf1 Rc2 55. Qh5+ g6 56. Qxh6 Rxf2+ 57. Rxf2 Qxf2+ 58. Kh1 Qe1+ 59. Kh2
Qe2+ 60. Kh1 Bf6 0-1

[Event "World Rapid 2015"]
[Site "Berlin GER"]
[Date "2015.10.11"]
[Round "10.48"]
[White "Breutigam, Martin"]
[Black "Bindrich, Falko"]
[Result "0-1"]
[WhiteElo "2380"]
[BlackElo "2594"]
[PlyCount "94"]
[EventDate "2015.10.10"]
[EventType "rapid"]

1. d4 Nf6 2. Bg5 d5 3. e3 Nbd7 4. Nd2 h6 5. Bh4 c5 6. c3 e6 7. f4 Bd6 8. Ngf3
Qb6 9. Rb1 Ng4 10. Bf2 Nxf2 11. Kxf2 Nf6 12. Bd3 Ng4+ 13. Ke2 Bd7 14. h3 Nf6
15. Kf2 Bb5 16. Bc2 Qa6 17. a4 Bd3 18. Bxd3 Qxd3 19. Qe2 Qxe2+ 20. Kxe2 Ke7 21.
b4 cxb4 22. cxb4 Rhc8 23. Rhc1 Nd7 24. Rxc8 Rxc8 25. Kd3 Nb6 26. a5 Nd7 27. b5
Nb8 28. g4 Nd7 29. h4 Nf6 30. g5 Ne8 31. gxh6 gxh6 32. Ne5 f6 33. Nef3 Ng7 34.
a6 b6 35. Rg1 Nf5 36. h5 Bb4 37. Nb1 Kf7 38. Rg2 Rc1 39. Rb2 Bd6 40. Nc3 Nxe3
41. Ne2 Nc4 42. Ra2 Rd1+ 43. Kc3 Rb1 44. Kd3 Rb3+ 45. Nc3 Bb4 46. Rc2 Nb2+ 47.
Kd2 Na4 0-1

[Event "World Rapid 2015"]
[Site "Berlin GER"]
[Date "2015.10.11"]
[Round "10.49"]
[White "Pavlovic, Milos"]
[Black "Ladva, Ottomar"]
[Result "1/2-1/2"]
[WhiteElo "2481"]
[BlackElo "2423"]
[PlyCount "126"]
[EventDate "2015.10.10"]
[EventType "rapid"]

1. c4 e6 2. Nf3 Nf6 3. b3 d5 4. Bb2 Be7 5. g3 O-O 6. Bg2 c5 7. O-O Nc6 8. e3 b6
9. Nc3 Ba6 10. Qe2 Rc8 11. Nb5 Qd7 12. a4 Rfd8 13. Rfd1 Bb7 14. d4 a6 15. Ne5
Qe8 16. Nxc6 Rxc6 17. Nc3 Rc7 18. cxd5 exd5 19. a5 b5 20. dxc5 Bxc5 21. Qd3 Re7
22. Ne2 Bxe3 23. Bxf6 gxf6 24. Bf3 Bc8 25. Kg2 Bh6 26. Nc3 Re5 27. Nxd5 Kg7 28.
Nxf6 Bh3+ 29. Kxh3 Qe6+ 30. Bg4 Rxd3 31. Bxe6 Rxd1 32. Ne8+ Kf8 33. Rxd1 Rxe6
34. Nc7 Rc6 35. Rd7 Bd2 36. Rxd2 Rxc7 37. Rd6 Rc3 38. Rxa6 Rxb3 39. Rb6 b4 40.
a6 Ra3 41. f4 b3 42. Kg4 Kg7 43. h4 b2 44. h5 Rxa6 45. Rxb2 h6 46. Rb5 Rc6 47.
Rd5 Rc3 48. Rd6 Ra3 49. Kh4 Ra4 50. Rd3 Rb4 51. Kg4 Ra4 52. Re3 Rb4 53. Kf5
Rb5+ 54. Re5 Rb3 55. g4 Rb1 56. Ra5 Rc1 57. Re5 Ra1 58. Rb5 Rc1 59. g5 hxg5 60.
fxg5 Rf1+ 61. Ke5 Rh1 62. h6+ Kg6 63. Kd6 f6 1/2-1/2

[Event "World Rapid 2015"]
[Site "Berlin GER"]
[Date "2015.10.11"]
[Round "10.51"]
[White "Schneider, Ilja"]
[Black "Gajewski, Grzegorz"]
[Result "1/2-1/2"]
[WhiteElo "2481"]
[BlackElo "2654"]
[PlyCount "120"]
[EventDate "2015.10.10"]
[EventType "rapid"]

1. d4 Nf6 2. Bg5 d5 3. e3 c5 4. c3 Nc6 5. Nd2 cxd4 6. exd4 a6 7. Bd3 Bg4 8.
Ngf3 e6 9. Qb3 Be7 10. O-O O-O 11. Rfe1 b5 12. Ne5 Nxe5 13. dxe5 Nd7 14. Bxe7
Qxe7 15. Qc2 Qg5 16. Bxh7+ Kh8 17. Bd3 Nxe5 18. Bf1 Bh5 19. a4 Rab8 20. axb5
axb5 21. Ra5 Bg6 22. Qd1 b4 23. c4 Rfc8 24. cxd5 Bc2 25. Ne4 Bxe4 26. Rxe4 Ng6
27. h4 Qf5 28. Bd3 Nf4 29. Re3 Nxd3 30. Rxd3 Rc4 31. Rf3 Qh5 32. Rd3 Rxh4 33.
Qxh5+ Rxh5 34. g3 Kg8 35. Kg2 Rf5 36. b3 g5 37. Rc5 Kg7 38. Rd4 Kf6 39. Rcc4
exd5 40. Rxb4 Rxb4 41. Rxb4 Ke5 42. Kf1 Rf6 43. Ke2 Ra6 44. f4+ gxf4 45. gxf4+
Ke6 46. Ke3 Ra1 47. Rb7 Re1+ 48. Kd3 Re4 49. f5+ Kf6 50. Rd7 Re5 51. Kd4 Rxf5
52. Rxd5 Rf4+ 53. Kc5 Ke6 54. Rd1 Rf5+ 55. Kc6 Rf4 56. Re1+ Kf5 57. Kc5 Re4 58.
Rf1+ Ke6 59. b4 Kd7 60. Rxf7+ Kc8 1/2-1/2

[Event "World Rapid 2015"]
[Site "Berlin GER"]
[Date "2015.10.11"]
[Round "10.52"]
[White "Hausrath, Daniel"]
[Black "Borisek, Jure"]
[Result "1/2-1/2"]
[WhiteElo "2503"]
[BlackElo "2565"]
[PlyCount "92"]
[EventDate "2015.10.10"]
[EventType "rapid"]

1. Nf3 Nf6 2. g3 g6 3. b3 c5 4. Bb2 Bg7 5. Bg2 Nc6 6. c4 d6 7. d4 cxd4 8. Nxd4
Bd7 9. Nc3 O-O 10. O-O Qa5 11. e3 Rfc8 12. Qe2 Rab8 13. Rfd1 a6 14. Nd5 Nxd5
15. Bxd5 Ne5 16. f4 Bg4 17. Qd2 Qxd2 18. Rxd2 Nc6 19. Kg2 Bd7 20. Rad1 b5 21.
Nxc6 Bxc6 22. Bxg7 Kxg7 23. Bxc6 Rxc6 24. cxb5 axb5 25. Kf3 Ra8 26. Re2 f5 27.
g4 Kf6 28. gxf5 gxf5 29. Rg2 b4 30. Rd4 Rb8 31. Rdd2 Rbc8 32. Rd4 Rc2 33. Rdd2
Rxd2 34. Rxd2 Rc1 35. h3 h5 36. Rd4 Rc2 37. Rxb4 Rxa2 38. Rb8 h4 39. Rh8 e5 40.
e4 fxe4+ 41. Kxe4 d5+ 42. Kxd5 exf4 43. Ke4 Rb2 44. Rxh4 Rxb3 45. Rxf4+ Kg5 46.
Rf3 Rxf3 1/2-1/2

[Event "World Rapid 2015"]
[Site "Berlin GER"]
[Date "2015.10.11"]
[Round "10.54"]
[White "Munoz Pantoja, Miguel"]
[Black "Jumabayev, Rinat"]
[Result "0-1"]
[WhiteElo "2441"]
[BlackElo "2606"]
[PlyCount "108"]
[EventDate "2015.10.10"]
[EventType "rapid"]

1. e4 c5 2. g3 h5 3. h3 d5 4. exd5 Qxd5 5. Nf3 Nc6 6. d3 Bf5 7. Bg2 Qd7 8. Be3
e5 9. Nbd2 O-O-O 10. a4 Nf6 11. Nc4 Qc7 12. Qe2 Nd5 13. a5 Be7 14. O-O h4 15.
g4 Bg6 16. Nfd2 f5 17. Nb3 Rhe8 18. gxf5 Bxf5 19. Nxc5 Bxc5 20. Bxc5 Nf4 21.
Qf3 Re6 22. Be3 Rg6 23. Bxf4 Nd4 24. Qh5 exf4 25. Kh1 f3 26. Bxf3 Rh6 27. Qg5
Qh2+ 28. Kxh2 Nxf3+ 29. Kh1 Nxg5 30. Rg1 Nxh3 31. Rxg7 Nxf2+ 32. Kg2 Ng4 33. a6
Rxa6 34. Rxa6 bxa6 35. Rxa7 Kb8 36. Rxa6 Rh8 37. Ra1 Be6 38. Nd2 Ne3+ 39. Kh2
Nxc2 40. Ra4 Ne3 41. Rf4 Ng4+ 42. Kh3 Ne5+ 43. Kh2 Nxd3 44. Rf6 Bc8 45. Nf3 h3
46. Rd6 Nf2 47. Rd2 Ng4+ 48. Kg3 Ne3 49. Kf2 Nc4 50. Rd1 Bb7 51. b3 Ne5 52. Nh2
Rg8 53. Rg1 Rxg1 54. Kxg1 Nf3+ 0-1